000 00600cam a2200205 4500
001 4144
005 20181127172719.0
008 130805s2012 ii a 001 0 eng
010 _a 2013370759
020 _a0198074115
020 _a9780198074113
100 1 _aJyothi, P.
245 1 0 _aHuman resources management /
_cP. Jyothi and D.N. Venkatesh
250 _aSecond Edition.
264 1 _aNew Delhi, India :
_bOxford University Press,
_c[2012]
300 _avi, 559 pages :
_billustrations ;
_c25 cm
336 _atext
_2rdacontent
337 _aunmediated
_2rdamedia
338 _avolume
_2rdacarrier
999 _c3397
_d3397